| 000 | 00649nam a2200241Ia 4500 | ||
|---|---|---|---|
| 003 | OSt | ||
| 005 | 20221006144623.0 | ||
| 006 | a|||||r|||| 00| 0 | ||
| 007 | ta | ||
| 008 | 221006b |||||||| |||| 00| 0 eng d | ||
| 020 | _c269.00 | ||
| 024 | _a12,155 | ||
| 037 | _cTextual | ||
| 040 |
_aEASL _cEASL _beng |
||
| 041 |
_2eng _aeng |
||
| 082 | _aV41y7M79, M3 | ||
| 100 |
_aFEIGON Lee _9652450 |
||
| 245 | 0 |
_aChen duxiu _b Founder of the Chinese communist party |
|
| 260 |
_aNew Jersey _bPrinceton University _c1983 |
||
| 300 |
_a242p. _ccm. |
||
| 942 |
_hV41y7M79, M3 _cTEXL _2CC |
||
| 999 |
_c1080241 _d1080241 |
||